Všetko pre spokojného turistu
Pohľad do zákulisia dovolenkového raja v Stredozemnom mori - ostrovov Baleáry. Kontakty úradu pre turistiku Ibatour s turistami z východných krajín. Moderná infraštruktúra na Mallorke.
Saved in:
| Main Author: | |
|---|---|
| Format: | Book Chapter |
| Language: | Slovak |
| Subjects: | |
| Tags: |
No Tags, Be the first to tag this record!
|
MARC
| LEADER | 00000naa a2200000 4500 | ||
|---|---|---|---|
| 001 | r022671 | ||
| 005 | 20230801105505.1 | ||
| 041 | 0 | |a slo | |
| 044 | |a SK | ||
| 245 | 1 | 0 | |a Všetko pre spokojného turistu |c P. Višváder |
| 520 | |a Pohľad do zákulisia dovolenkového raja v Stredozemnom mori - ostrovov Baleáry. Kontakty úradu pre turistiku Ibatour s turistami z východných krajín. Moderná infraštruktúra na Mallorke. | ||
| 610 | 2 | 0 | |a Španielsko |
| 610 | 2 | 0 | |a 1996 |
| 610 | 2 | 0 | |a Stredozemné more |
| 610 | 2 | 0 | |a Baleáry |
| 610 | 2 | 0 | |a Mallorka |
| 610 | 2 | 0 | |a ruch cestovný |
| 610 | 2 | 0 | |a turistika |
| 100 | 1 | |a Višváder, P. | |